| 000 | 00975nam a22002537i 4500 | ||
|---|---|---|---|
| 003 | EG-ScBUE | ||
| 005 | 20250407093715.0 | ||
| 008 | 200219s1939 ua f 001 0 fre d | ||
| 040 |
_aEG-ScBUE _bfre _erda _cEG-ScBUE _dEG-ScBUE |
||
| 043 | _af-ua--- | ||
| 082 | 0 | 4 |
_222 _a370.962 _bSAL |
| 100 | 1 |
_4Salama, Ibrahim, _eauthor. |
|
| 245 | 1 | 2 |
_aL'Enseignement Islamique en Egypte : _bson évolution, son influence sur les programmes modernes : étude pédago-sociologique / _cIbrahim Salama, Docteur és Lettres, professeur a l'école normale supérieure du Caire |
| 264 | 1 |
_aCaire : _bImprimerie Nationale, Boulac, _c1939. |
|
| 300 |
_axxxvii, 397 pages : _bphotographs ; _c30 cm |
||
| 336 |
_2rdacontent _atext _btxt |
||
| 337 |
_2rdamedia _aunmediated _bn |
||
| 338 |
_2rdacarrier _avolume _bnc |
||
| 500 | _aIncludes index. | ||
| 650 | 7 |
_2BUEsh _aIslamic education _zEgypt. |
|
| 655 | _vReading book | ||
| 942 |
_2ddc _cBB |
||
| 999 |
_c30943 _d30914 |
||